Logos des équipes nationales de football de la CONCACAF - Statistiques

Statistiques générales
  • Ce quiz a été pris 339 fois
  • Le résultat moyen est 14 sur 36
Statistiques - réponses
Par images Réponse % Correct
Canada
99%
Mexique
99%
États-Unis
98%
Jamaïque
95%
Panama
95%
Honduras
90%
Costa Rica
80%
Barbade
68%
Guyana
66%
Cuba
64%
Dominique
57%
Saint-Vincent et les Grenadines
56%
Nicaragua
55%
Grenade
54%
Belize
52%
Saint-Christophe-et-Niévès
30%
Trinité et Tobago
29%
Haïti
25%
Bonaire
20%
Guadeloupe
19%
Sainte-Lucie
18%
Salvador
18%
Anguilla
17%
Porto Rico
16%
Guatemala
13%
Martinique
11%
République Dominicaine
11%
Antigua et Barbuda
10%
Aruba
9%
Curaçao
9%
Bahamas
8%
Bermudes
8%
Suriname
8%
Guyane française
6%
Îles Caïmans
6%
Montserrat
5%
Aucun quiz correspondant
Distribution des résultats
% des personnes avec chaque résultat
Percentile par nombre de réponses
Votre historique - résultats
Vous n’avez pas pris ce quiz